000 00540nam a2200181Ia 4500
999 _c6928
_d6928
020 _a9780521861212
082 _a153.93 INT-
245 0 _aIntelligent testing: integrating psychological theory and clinical practice
260 _aNew York
_bCambridge University Press
_c2009
300 _axii, 252
504 _aincludes index
650 _aPsychological tests
650 _aIntelligence tests
650 _aPsychological test for children
650 _aEducational tests and measurments
700 _aKaufman, James C.
942 _cBK